<?xml version="1.0" encoding="UTF-8"?>
<record
    xmlns:xsi="http://www.w3.org/2001/XMLSchema-instance"
    xsi:schemaLocation="http://www.loc.gov/MARC21/slim http://www.loc.gov/standards/marcxml/schema/MARC21slim.xsd"
    xmlns="http://www.loc.gov/MARC21/slim">

  <leader>00700nam a22002177a 4500</leader>
  <controlfield tag="005">20150415150816.0</controlfield>
  <controlfield tag="008">140714b        xxu||||| |||| 00| 0 Urdu d</controlfield>
  <datafield tag="010" ind1=" " ind2=" ">
    <subfield code="a">UR-8821</subfield>
  </datafield>
  <datafield tag="020" ind1="q" ind2=" ">
    <subfield code="c">150.00</subfield>
  </datafield>
  <datafield tag="035" ind1=" " ind2=" ">
    <subfield code="a">U-7376</subfield>
  </datafield>
  <datafield tag="037" ind1=" " ind2=" ">
    <subfield code="b">DBAD/Pub.</subfield>
  </datafield>
  <datafield tag="040" ind1=" " ind2=" ">
    <subfield code="a">DPL</subfield>
    <subfield code="b">Urdu</subfield>
  </datafield>
  <datafield tag="082" ind1=" " ind2=" ">
    <subfield code="a">840.8</subfield>
  </datafield>
  <datafield tag="100" ind1=" " ind2=" ">
    <subfield code="a">&#x627; &#x628;&#x648; &#x627; &#x644;&#x62D;&#x64A;&#x627; &#x62A; </subfield>
  </datafield>
  <datafield tag="245" ind1=" " ind2=" ">
    <subfield code="a">&#x6A9;&#x644;&#x64A;&#x645; &#x639;&#x627; &#x62C;&#x632; &#x6A9;&#x6CC; &#x646;&#x62B;&#x631; &#x646;&#x6AF;&#x627; &#x631; &#x6CC;</subfield>
    <subfield code="b">&#x627; &#x628;&#x648; &#x627; &#x644;&#x62D;&#x64A;&#x627; &#x62A; </subfield>
  </datafield>
  <datafield tag="246" ind1=" " ind2=" ">
    <subfield code="a">Kaleem Aajiz ki Nasar nigari</subfield>
    <subfield code="b">By Dr. Abu Ul Hyaat</subfield>
  </datafield>
  <datafield tag="260" ind1=" " ind2=" ">
    <subfield code="a">Patna</subfield>
    <subfield code="b">Khuda Bakhsh Oriental Public Library</subfield>
    <subfield code="c">2013</subfield>
  </datafield>
  <datafield tag="270" ind1=" " ind2=" ">
    <subfield code="a">Khuda Bakhsh Oriental Public Library</subfield>
    <subfield code="b">Patna</subfield>
    <subfield code="e">-4</subfield>
  </datafield>
  <datafield tag="300" ind1=" " ind2=" ">
    <subfield code="a">160-&#x635;</subfield>
    <subfield code="b">22C.m.(PB)</subfield>
  </datafield>
  <datafield tag="942" ind1=" " ind2=" ">
    <subfield code="2">ddc</subfield>
    <subfield code="c">UR</subfield>
    <subfield code="h">840.8</subfield>
    <subfield code="m">&#x627; &#x628; &#x648;</subfield>
  </datafield>
  <datafield tag="999" ind1=" " ind2=" ">
    <subfield code="c">92971</subfield>
    <subfield code="d">92971</subfield>
  </datafield>
</record>
